Subdivisions of the Republic of China in 1946 on a Map - Statistics

General Stats
  • This quiz has been taken 516 times
  • The average score is 26 of 47
Answers on the Map
Answers color-coded by a green-red scale on the quiz's map according to % correct below.
 
Answer Stats
Answer % Correct
Xizang
97%
Mongolia
94%
Beijing
93%
Taiwan
93%
Shanghai
89%
Tianjin
82%
Chongqing
81%
Guangdong
81%
Xinjiang
80%
Guangzhou
79%
Sichuan
79%
Xi'an
78%
Yunnan
77%
Hebei
72%
Nanjing
71%
Shaanxi
71%
Hubei
70%
Shanxi
70%
Shandong
69%
Harbin
68%
Hunan
66%
Henan
64%
Fujian
63%
Gansu
63%
Guangxi
61%
Anhui
60%
Qinghai
60%
Jilin
56%
Heilongjiang
55%
Jiangsu
55%
Shenyang
54%
Zhejiang
52%
Guizhou
51%
Liaoning
50%
Jiangxi
49%
Ningxia
40%
Qahar
21%
Rehe
21%
Xikang
18%
Hankou
17%
Suiyuan
15%
Andong
14%
Songjiang
12%
Liaobei
11%
Nenjiang
10%
Xing'an
10%
Hejiang
9%
No matching quizzes found
Score Distribution
Percent of People with Each Score
Percentile by Number Answered
Your Score History
You have not taken this quiz